| 000 | 00702nam a2200229Ia 4500 | ||
|---|---|---|---|
| 001 | 4878 | ||
| 003 | GE_BSU | ||
| 008 | 181216s||||||||xx |||||||||||||| ||und|| | ||
| 040 | _cGE_BSU | ||
| 080 | _a514.112(075.32)+514.113(075.32) | ||
| 100 | _aАндреев. П.П; Шувалова,Э.З. | ||
| 245 | _aГеометрия. | ||
| 245 | _bУчебник для сред. специаль учебн. заведений | ||
| 245 | _cПод. ред. Э.З. Шуваловой. | ||
| 250 | _aИзд-е 3 | ||
| 260 | _aМосква | ||
| 260 | _bНаука Гл.ред. физ-мат. лит-ры | ||
| 260 | _c1965 | ||
| 300 | _a205 с. 20 см. | ||
| 653 | _aГеометрия | ||
| 942 | _cBK | ||
| 999 |
_c38655 _d38655 |
||